Vainqueurs Tournoi WTA en 2024 - Statistiques

Statistiques générales
  • Ce quiz a été pris 54 fois
    38 depuis la dernière actualisation
  • Le résultat moyen est 11 sur 18
Statistiques - réponses
Tournoi Vainqeurs % Correct
Open D'Australie Sabalenka
100%
WTA 1000 Doha Swiatek
100%
WTA 1000 Indian Wells Swiatek
100%
WTA 500 Brisbane Rybakina
90%
WTA 500 Dubai Rybakina
90%
WTA 250 Auckland Gauff
83%
WTA 1000 Miami Collins
79%
WTA 500 Charleston Collins
79%
WTA 1000 DubaÏ Paolini
76%
WTA 500 Adelaide Ostapenko
59%
WTA 500 LINZ Ostapenko
59%
WTA 250 Bogota Osorio
34%
WTA 250 Hobart Navarro
31%
WTA 500 San Diego Boulter
24%
WTA 250 Cluj Pliskova
21%
WTA 250 Hua Hin Shnaider
17%
WTA 250 Austin Yuan
10%
WTA 125 Canberra Parrizas Diaz
3%
Aucun quiz correspondant
Distribution des résultats
% des personnes avec chaque résultat
Percentile par nombre de réponses
Votre historique - résultats
Vous n’avez pas pris ce quiz depuis la dernière actualisation